Redefining the Egyptian Nation 1930-1945 (Record no. 9583)
[ view plain ]
| 000 -LEADER | |
|---|---|
| fixed length control field | 00655nam a2200241 a 4500 |
| 020 ## - INTERNATIONAL STANDARD BOOK NUMBER | |
| ISBN | 052135X |
| 082 00 - DEWEY DECIMAL CLASSIFICATION NUMBER | |
| Classification number | 320.540962 |
| Author Cutter | GER |
| 100 ## - MAIN ENTRY--AUTHOR NAME | |
| Author name | Gershoni, Israel |
| 245 ## - TITLE STATEMENT | |
| Title | Redefining the Egyptian Nation 1930-1945 |
| 260 ## - PUBLICATION, DISTRIBUTION, ETC. (IMPRINT) | |
| Place of publication | Cambridge |
| Name of publisher | Cambridge University Press |
| Year of publication | 1995 |
| 300 ## - PHYSICAL DESCRIPTION | |
| Number of Pages | 285p |
| 500 ## - GENERAL NOTE | |
| General note | includes index and biblioraphy |
| 505 2# - FORMATTED CONTENTS NOTE | |
| Formatted contents note | Index |
| 650 ## - SUBJECT ADDED ENTRY--TOPICAL TERM | |
| Topical Term | Nationalism-Egypt-History-20th Cent |
| 650 ## - SUBJECT ADDED ENTRY--TOPICAL TERM | |
| Topical Term | Egypt-Politics & Govt.1919-1952 |
| 942 ## - ADDED ENTRY ELEMENTS (KOHA) | |
| Koha item type | Books |
| Collection code | Home library | Current library | Date acquired | Cost, normal purchase price | Full call number | Accession Number | Koha item type |
|---|---|---|---|---|---|---|---|
| Henry Martyn Institute Library | Henry Martyn Institute Library | 04/05/2007 | 2450.00 | 320.540962 GER | 017881 | Books |
